Fausto /
Guardado en:
| Autor Principal: | |
|---|---|
| Otros Autores: | |
| Formato: | Libro |
| Publicado: |
Buenos Aires :
Centro Editor de América latina,
1978
|
| Series: | Biblioteca Básica Universal
|
| Materias: | |
| Etiquetas: |
Agregar Etiqueta
Sin Etiquetas, Sea el primero en etiquetar este registro!
|
| LEADER | 00717nam a22002295a 4500 | ||
|---|---|---|---|
| 001 | CEM.cems010081 | ||
| 005 | 20080609091458.0 | ||
| 008 | 130507s1978##################000#0#####d | ||
| 003 | CEMS | ||
| 082 | 0 | 4 | |a 832.6 |
| 100 | 1 | |a Goethe, Johan Wolfgang | |
| 245 | 1 | 0 | |a Fausto / |c Johann W. Von Goethe ; prólogo de Ricardo Weber |
| 260 | |a Buenos Aires : |b Centro Editor de América latina, |c 1978 | ||
| 300 | |a 131 p. | ||
| 490 | 0 | |a Biblioteca Básica Universal | |
| 653 | |a Literatura | ||
| 653 | |a Literatura alemana | ||
| 653 | |a Novelas | ||
| 653 | |a Novela alemana | ||
| 700 | 1 | |a W | |
| 859 | |a CEMS |b BIB. CEMS - 11 de abril |h 832.6 |i G555-1 |p 20608.99 |t Ej.1 | ||
| 859 | |a CEMS |b BIB. CEMS - 11 de abril |h 832.6 |i G555-1 |p 23498.06 |t Ej.2 | ||
